Straining at the lease (Record no. 66833)
[ view plain ]
| 000 -LEADER | |
|---|---|
| fixed length control field | 01153cam a2200241 4500 |
| 001 - CONTROL NUMBER | |
| control field | ABS63881 |
| 008 - FIXED-LENGTH DATA ELEMENTS--GENERAL INFORMATION | |
| fixed length control field | 000000n2001 000 0 eng u |
| 035 ## - SYSTEM CONTROL NUMBER | |
| System control number | (Sirsi) u112224 |
| 100 ## - MAIN ENTRY--PERSONAL NAME | |
| Personal name | Foo, A. |
| 245 ## - TITLE STATEMENT | |
| Title | Straining at the lease |
| 260 ## - PUBLICATION, DISTRIBUTION, ETC. | |
| Date of publication, distribution, etc. | 2001 |
| 490 ## - SERIES STATEMENT | |
| Series statement | Property Week |
| Volume/sequential designation | 66(16) 20 April 2001, 70-71(2) |
| 520 ## - SUMMARY, ETC. | |
| Summary, etc. | Comments and crititicises changes to commercial leases renewals being introduced by the Civil Proceedure (Amendments) Rules 2001 which will add parts s5 and s6 to the Civil Proceedure Rules setting out new proceedures for dealing with housing and landlord and tenant matters due to come into force on 15 October 2001. Includes an example of how an opposed renewal might proceed under the new rules. For latest information on CPR see http://www.open.gov.uk/iod/civil/procrules.fin/cprocfr.htm |
| 590 ## - LOCAL NOTE (RLIN) | |
| Local note | ABS |
| 650 ## - SUBJECT ADDED ENTRY--TOPICAL TERM | |
| Topical term or geographic name entry element | LEASE RENEWAL |
| 650 ## - SUBJECT ADDED ENTRY--TOPICAL TERM | |
| Topical term or geographic name entry element | LANDLORD AND TENANT ACT 1954 |
| 650 ## - SUBJECT ADDED ENTRY--TOPICAL TERM | |
| Topical term or geographic name entry element | SCOTTISH MUTUAL ASSURANCE PLC V JARDINE PUBLIC RELATIONS LTD |
| 650 ## - SUBJECT ADDED ENTRY--TOPICAL TERM | |
| Topical term or geographic name entry element | HUMAN RIGHTS ACT 1998 |
| 650 ## - SUBJECT ADDED ENTRY--TOPICAL TERM | |
| Topical term or geographic name entry element | CIVIL PROCEDURE RULES |
| 690 ## - LOCAL SUBJECT ADDED ENTRY--TOPICAL TERM (OCLC, RLIN) | |
| Topical term or geographic name as entry element | LANDLORD AND TENANT-LEASES |
| 700 ## - ADDED ENTRY--PERSONAL NAME | |
| Personal name | Abbott, S. |
| 942 ## - ADDED ENTRY ELEMENTS (KOHA) | |
| Suppress in OPAC | 0 |
| Withdrawn status | Lost status | Source of classification or shelving scheme | Damaged status | Not for loan | Home library | Current library | Shelving location | Date acquired | Total Checkouts | Full call number | Barcode | Date last seen | Copy number | Price effective from | Koha item type |
|---|---|---|---|---|---|---|---|---|---|---|---|---|---|---|---|
| Dewey Decimal Classification | London | London | Journal article | 27/04/2001 | ABS63881 | 112224-1001 | 06/08/2019 | 1 | 06/08/2019 | Journal article |